[Event "Metz op 32nd"]
[Site "Metz"]
[Date "2014.05.09"]
[Round "9"]
[White "Levesque, Thomas"]
[Black "Lersy, Xavier"]
[Result "0-1"]
[WhiteElo "2050"]
[BlackElo "2014"]
[PlyCount "80"]
[EventDate "2014.05.03"]
[EventType "swiss"]
[EventRounds "9"]
[EventCountry "FRA"]
[SourceTitle "CBM 160 Extra"]
[Source "ChessBase"]
[SourceDate "2014.07.01"]
[SourceVersion "1"]
[SourceVersionDate "2014.07.01"]
[SourceQuality "1"]

1. d4 d5 2. c4 e6 3. Nc3 c6 4. Nf3 Nf6 5. g3 Nbd7 6. Bg2 dxc4 7. a4 Bb4 8. 0-0 0-0 9. Qc2 a5 10. Rd1 Qe7 11. e4 e5 12. dxe5 Ng4 13. Bg5 Qe6 14. Bh3 Ndxe5 15. Nd4 Qg6 16. Bh4 Ne3 17. fxe3 Bxh3 18. Nf5 Bxf5 19. exf5 Qh5 20. Rf1 Nf3+ 21. Kg2 Nxh4+ 22. gxh4 Rae8 23. Rf3 Qh6 24. Qf2 Bxc3 25. bxc3 Re4 26. h3 Rfe8 27. Rd1 Qf6 28. Qg3 h6 29. h5 b5 30. Rd6 Qg5 31. Rxc6 bxa4 32. Kf2 Qxh5 33. f6 g6 34. Qc7 a3 35. Ra6 Qd5 36. Qxa5 Qd2+ 37. Kf1 Rxe3 38. Rf2 Qd3+ 39. Kg1 Rxh3 40. Ra8 Qd1+ 0-1

[Event "Metz op 32nd"]
[Site "Metz"]
[Date "2014.05.08"]
[Round "8"]
[White "Lersy, Xavier"]
[Black "Derieux, Christian"]
[Result "1-0"]
[WhiteElo "2014"]
[BlackElo "2125"]
[PlyCount "67"]
[EventDate "2014.05.03"]
[EventType "swiss"]
[EventRounds "9"]
[EventCountry "FRA"]
[SourceTitle "CBM 160 Extra"]
[Source "ChessBase"]
[SourceDate "2014.07.01"]
[SourceVersion "1"]
[SourceVersionDate "2014.07.01"]
[SourceQuality "1"]

1. d4 g6 2. e4 Bg7 3. Nf3 d6 4. Bc4 a6 5. a4 e6 6. Bg5 Ne7 7. Qd2 h6 8. Be3 d5 9. Bd3 dxe4 10. Bxe4 Nd5 11. c4 Nxe3 12. fxe3 a5 13. Nc3 Na6 14. Rd1 0-0 15. 0-0 c6 16. Qf2 Nc7 17. Qg3 Ne8 18. Bb1 Qe7 19. h4 Nd6 20. c5 Nf5 21. Qf2 e5 22. Rfe1 h5 23. Ng5 Bh6 24. Nce4 Bd7 25. dxe5 Be6 26. Nf6+ Kh8 27. e4 Nxh4 28. Qxh4 Qxc5+ 29. Kh1 Qxe5 30. Nxe6 Qxe6 31. e5 b5 32. Rd6 Qe7 33. Bxg6 fxg6 34. Rd7 1-0

[Event "Metz op 32nd"]
[Site "Metz"]
[Date "2014.05.05"]
[Round "4"]
[White "Lersy, Xavier"]
[Black "Frick, Christoph"]
[Result "1/2-1/2"]
[WhiteElo "2014"]
[BlackElo "2244"]
[PlyCount "129"]
[EventDate "2014.05.03"]
[EventType "swiss"]
[EventRounds "9"]
[EventCountry "FRA"]
[SourceTitle "CBM 160 Extra"]
[Source "ChessBase"]
[SourceDate "2014.07.01"]
[SourceVersion "1"]
[SourceVersionDate "2014.07.01"]
[SourceQuality "1"]

1. d4 d5 2. c4 c6 3. Nc3 dxc4 4. a4 Nf6 5. Nf3 Bf5 6. e3 e6 7. Bxc4 Bb4 8. Qb3 Qe7 9. 0-0 0-0 10. Ne5 a5 11. Na2 Na6 12. Bxa6 Rxa6 13. Nxb4 Qxb4 14. Qxb4 axb4 15. Bd2 Rfa8 16. a5 Rxa5 17. Rxa5 Rxa5 18. Bxb4 Ra4 19. Ba3 Nd5 20. Rc1 f6 21. Nd7 Nc7 22. f3 Bg6 23. Nc5 Ra7 24. Kf2 Kf7 25. Kg3 Ke8 26. Rc3 Nb5 27. Rb3 Bc2 28. Rb4 Kf7 29. Rc4 Bg6 30. Ra4 b6 31. Rxa7+ Nxa7 32. Nd7 Nc8 33. Nb8 Na7 34. Bd6 Nb5 35. Bf4 c5 36. dxc5 e5 37. Bxe5 fxe5 38. cxb6 Nd6 39. Nd7 Ke7 40. Nxe5 Be8 41. f4 Kd8 42. Kf3 Kc8 43. g4 Kb7 44. f5 Ba4 45. Kf4 Bc2 46. h4 Kxb6 47. Nd7+ Kc6 48. Nf8 h5 49. Ne6 Kd5 50. Nxg7 hxg4 51. Kxg4 Ke5 52. h5 Nf7 53. b4 Ba4 54. Ne6 Bd1+ 55. Kg3 Kxf5 56. Nd4+ Ke5 57. Kh4 Kd5 58. b5 Kc5 59. Nf5 Kxb5 60. h6 Kc5 61. h7 Kd5 62. Nh6 Nh8 63. Kg5 Ke5 64. Ng8 Bc2 65. Kh6 1/2-1/2

[Event "Val Thorens op"]
[Site "Val Thorens"]
[Date "2009.??.??"]
[Round "1"]
[White "Lersy, Xavier"]
[Black "Horvath, Csaba"]
[Result "0-1"]
[WhiteElo "2051"]
[BlackElo "2522"]
[PlyCount "64"]
[EventDate "2009.07.18"]
[EventType "swiss"]
[EventRounds "9"]
[EventCountry "FRA"]
[SourceTitle "CBM 131 Extra"]
[Source "ChessBase"]
[SourceDate "2009.09.03"]
[SourceVersion "2"]
[SourceVersionDate "2009.09.16"]
[SourceQuality "1"]

1. d4 Nf6 2. c4 e6 3. Nf3 c5 4. d5 exd5 5. cxd5 d6 6. Nc3 g6 7. Bg5 Bg7 8. e3 h6 9. Bh4 g5 10. Bg3 Nh5 11. Nd2 Nxg3 12. hxg3 0-0 13. Bd3 f5 14. Qc2 Na6 15. Bxa6 bxa6 16. 0-0 Rb8 17. Nc4 Rb7 18. Rad1 Re7 19. b3 f4 20. exf4 gxf4 21. gxf4 Rxf4 22. Ne2 Rff7 23. Ng3 Kh8 24. Qg6 Rf6 25. Qc2 Qe8 26. Qd2 Qf8 27. Nh5 Rg6 28. Nf4 Rg4 29. Ne6 Rxe6 30. dxe6 Qf3 31. g3 Bb7 32. Ne3 Qh1# 0-1

[Event "Metz op 26th"]
[Site "Metz"]
[Date "2008.04.27"]
[Round "9"]
[White "Lersy, Xavier"]
[Black "Schweitzer, Viktoriya"]
[Result "1/2-1/2"]
[WhiteElo "2008"]
[BlackElo "2218"]
[PlyCount "51"]
[EventDate "2008.04.19"]
[EventType "swiss"]
[EventRounds "9"]
[EventCountry "FRA"]
[SourceTitle "CBM 123 Extra"]
[Source "ChessBase"]
[SourceDate "2008.05.06"]
[SourceVersion "1"]
[SourceVersionDate "2008.05.06"]
[SourceQuality "1"]

1. c4 Nf6 2. Nc3 g6 3. d4 c5 4. d5 d6 5. e4 Bg7 6. Nf3 a6 7. Be2 0-0 8. 0-0 Bg4 9. Be3 Nbd7 10. h3 Bxf3 11. Bxf3 Qa5 12. Qc2 b5 13. cxb5 axb5 14. Be2 b4 15. Nb5 Rfb8 16. a4 bxa3 17. Rxa3 Qb4 18. f3 Nh5 19. Rb1 Ng3 20. Bd3 Bd4 21. Bxd4 cxd4 22. Rxa8 Rxa8 23. Qc6 Rf8 24. Qxd7 Qd2 25. Bf1 Qe3+ 26. Kh2 1/2-1/2

[Event "Metz op 26th"]
[Site "Metz"]
[Date "2008.04.20"]
[Round "2"]
[White "Shirazi, Kamran"]
[Black "Lersy, Xavier"]
[Result "1-0"]
[WhiteElo "2448"]
[BlackElo "2008"]
[PlyCount "87"]
[EventDate "2008.04.19"]
[EventType "swiss"]
[EventRounds "9"]
[EventCountry "FRA"]
[SourceTitle "CBM 123 Extra"]
[Source "ChessBase"]
[SourceDate "2008.05.06"]
[SourceVersion "1"]
[SourceVersionDate "2008.05.06"]
[SourceQuality "1"]

1. e4 e6 2. d4 d5 3. exd5 exd5 4. c4 Nf6 5. Nc3 Bb4 6. Bg5 Qe7+ 7. Be2 0-0 8. cxd5 Re8 9. Nf3 Nbd7 10. a3 Bxc3+ 11. bxc3 Nb6 12. Ra2 Nbxd5 13. Qb3 h6 14. Bc1 Ne4 15. Qxd5 Nxc3 16. Qc4 Nxa2 17. Qxa2 Be6 18. Qb2 Bd5 19. Be3 Qe4 20. 0-0 Re6 21. Ne1 Rg6 22. Bf3 Qf5 23. Bxd5 Qxd5 24. g3 Rb6 25. Qa1 Re8 26. Ng2 Rb3 27. a4 Qd7 28. Rc1 g5 29. d5 Qxd5 30. Rxc7 Qe4 31. Rc1 a6 32. a5 Qe6 33. Qd4 Rb5 34. Qa1 Qf5 35. Bb6 Re4 36. Ne3 Qe6 37. Qc3 Ree5 38. Qd3 Rb3 39. Qd8+ Kh7 40. Rc8 Rb1+ 41. Kg2 Kg6 42. Qg8+ Kh5 43. Rc4 Rb4 44. Bc7 1-0

[Event "FRA-chT2 East 0607"]
[Site "France"]
[Date "2006.11.26"]
[Round "3.6"]
[White "Gallini, Patrice"]
[Black "Lersy, Xavier"]
[Result "1/2-1/2"]
[WhiteElo "2026"]
[BlackElo "2031"]
[PlyCount "125"]
[EventDate "2006.10.15"]
[EventType "team"]
[EventRounds "11"]
[EventCountry "FRA"]
[SourceTitle "EXT 2008"]
[Source "ChessBase"]
[SourceDate "2007.11.25"]
[SourceVersion "1"]
[SourceVersionDate "2007.11.25"]
[SourceQuality "1"]
[WhiteTeam "Gueugnon"]
[BlackTeam "Sarreguemines"]
[WhiteTeamCountry "FRA"]
[BlackTeamCountry "FRA"]

1. Nf3 g6 2. c4 Bg7 3. Nc3 Nf6 4. e4 d6 5. d4 0-0 6. Be2 Nfd7 7. Bg5 c5 8. 0-0 Nc6 9. Be3 b6 10. Rc1 cxd4 11. Nxd4 Nxd4 12. Bxd4 Bxd4 13. Qxd4 Nc5 14. Rfd1 Ne6 15. Qe3 f6 16. b4 Qe8 17. Bg4 h5 18. Be2 g5 19. Bd3 Kg7 20. e5 Bb7 21. exf6+ exf6 22. Be4 Bxe4 23. Nxe4 Nf4 24. Rc2 Qa4 25. Qb3 Qc6 26. f3 Rad8 27. Rcd2 d5 28. cxd5 Qe8 29. Qb2 Kg6 30. Ng3 h4 31. Ne2 Qe3+ 32. Kf1 h3 33. Nxf4+ Qxf4 34. Qc2+ f5 35. g3 Qxf3+ 36. Kg1 Rc8 37. Qd3 Qxd3 38. Rxd3 Rfe8 39. Kf2 Rc2+ 40. R3d2 Rxd2+ 41. Rxd2 Kf6 42. Kf3 Rd8 43. g4 f4 44. Ke4 Re8+ 45. Kf3 Re3+ 46. Kf2 Ke7 47. d6+ Kd7 48. Rd5 Ra3 49. Rxg5 Kxd6 50. Rh5 Rxa2+ 51. Kg1 Rg2+ 52. Kh1 Rxg4 53. Rxh3 Rg5 54. Ra3 a5 55. bxa5 Rxa5 56. Rb3 Kc5 57. h4 Ra7 58. Kg2 Rg7+ 59. Kh3 b5 60. Rf3 Rf7 61. Kg4 b4 62. h5 Kc4 63. Rxf4+ 1/2-1/2

[Event "Metz op 24th"]
[Site "Metz"]
[Date "2006.04.23"]
[Round "2"]
[White "Epishin, Vladimir"]
[Black "Lersy, Xavier"]
[Result "1-0"]
[WhiteElo "2565"]
[BlackElo "2036"]
[PlyCount "61"]
[EventDate "2006.04.22"]
[EventType "swiss"]
[EventRounds "9"]
[EventCountry "FRA"]
[SourceTitle "EXT 2007"]
[Source "ChessBase"]
[SourceDate "2006.11.23"]
[SourceVersion "1"]
[SourceVersionDate "2006.11.23"]
[SourceQuality "1"]

1. d4 d5 2. c4 e6 3. Nf3 Nf6 4. Nc3 Be7 5. Bf4 c6 6. e3 0-0 7. Qc2 Nbd7 8. Rd1 Re8 9. Be2 dxc4 10. Bxc4 Nd5 11. Bg3 Qa5 12. 0-0 Nxc3 13. bxc3 b5 14. Bd3 Nf8 15. c4 Bb7 16. Rb1 a6 17. a4 Rac8 18. Qe2 Ba3 19. c5 f6 20. Qc2 Re7 21. Ra1 b4 22. Bd6 Rd7 23. Nd2 Qd8 24. Nc4 Qe8 25. Rfb1 Qh5 26. Nxa3 bxa3 27. Rxa3 Re8 28. Rab3 Bc8 29. Be4 Ng6 30. Bxc6 Qg5 31. Rb8 1-0

[Event "FRA-chT2D 0506"]
[Site "France"]
[Date "2006.03.12"]
[Round "9.8"]
[White "Genzling, Sylvie"]
[Black "Lersy, Xavier"]
[Result "0-1"]
[WhiteElo "1955"]
[BlackElo "2027"]
[PlyCount "142"]
[EventDate "2005.10.27"]
[EventType "team-tourn"]
[EventRounds "11"]
[EventCountry "FRA"]
[SourceTitle "EXT 2006"]
[Source "ChessBase"]
[SourceDate "2005.11.24"]
[SourceVersion "1"]
[SourceVersionDate "2005.11.24"]
[SourceQuality "1"]
[WhiteTeam "Bischwiller"]
[BlackTeam "Paris NAO II"]
[WhiteTeamCountry "FRA"]
[BlackTeamCountry "FRA"]

1. e4 Nc6 2. Nf3 d6 3. d4 Nf6 4. Nc3 g6 5. Be2 Bg7 6. 0-0 0-0 7. h3 a6 8. Be3 b5 9. a3 Bb7 10. Bd3 Nd7 11. Qd2 e5 12. d5 Ne7 13. Bh6 f6 14. Bxg7 Kxg7 15. Nd1 Nc5 16. b4 Nxd3 17. cxd3 Qd7 18. Ne3 c6 19. dxc6 Bxc6 20. Rfe1 d5 21. Ng4 dxe4 22. Qh6+ Kh8 23. dxe4 Ng8 24. Qh4 Qe6 25. Rac1 Rac8 26. Rc5 h5 27. Ne3 Kg7 28. Nd2 Qa2 29. Nb1 Bb7 30. g4 Rxc5 31. bxc5 Bxe4 32. Nc3 Qd2 33. Nxe4 Qxe1+ 34. Kg2 hxg4 35. hxg4 Qb1 36. Ng3 Ne7 37. g5 f5 38. Qh6+ Kf7 39. Nd5 Nxd5 40. Qh7+ Ke6 41. Qxg6+ Rf6 42. Qg8+ Rf7 43. Qg6+ Nf6 44. gxf6 Qd3 45. c6 Qd5+ 46. Kg1 Qd1+ 47. Kh2 Qg4 48. Qh6 Qf4 49. Qh8 Qxf2+ 50. Kh3 f4 51. Qc8+ Kd5 52. Qd8+ Kc4 53. Nh5 Qf3+ 54. Kh4 Qxc6 55. Qd1 Qd5 56. Qc2+ Kd4 57. Qd2+ Kc5 58. Qf2+ Kc6 59. Qc2+ Kd7 60. Qf5+ Kc7 61. Ng7 a5 62. Ne8+ Kb6 63. Kh5 Rf8 64. Ng7 Qh1+ 65. Kg6 Qg2+ 66. Kh7 Qh2+ 67. Kg6 Qg3+ 68. Kh7 Qh4+ 69. Kg6 Rxf6+ 70. Qxf6+ Qxf6+ 71. Kxf6 b4 0-1

[Event "FRA-chT2D 0506"]
[Site "France"]
[Date "2006.01.15"]
[Round "6.4"]
[White "Mancini, Mario"]
[Black "Lersy, Xavier"]
[Result "0-1"]
[WhiteElo "2275"]
[BlackElo "2027"]
[PlyCount "52"]
[EventDate "2005.10.27"]
[EventType "team-tourn"]
[EventRounds "11"]
[EventCountry "FRA"]
[SourceTitle "EXT 2006"]
[Source "ChessBase"]
[SourceDate "2005.11.24"]
[SourceVersion "1"]
[SourceVersionDate "2005.11.24"]
[SourceQuality "1"]
[WhiteTeam "Lille"]
[BlackTeam "Paris NAO II"]
[WhiteTeamCountry "FRA"]
[BlackTeamCountry "FRA"]

1. e4 e6 2. d4 d5 3. Nd2 dxe4 4. Nxe4 Be7 5. Nf3 Nf6 6. Bd3 b6 7. Qe2 Bb7 8. Bf4 Nbd7 9. 0-0-0 0-0 10. Kb1 a5 11. c4 Qc8 12. Neg5 a4 13. d5 Nc5 14. Nd4 Nxd3 15. Rxd3 c5 16. Nb5 exd5 17. Qxe7 Qf5 18. Qxb7 Qxd3+ 19. Ka1 Qxc4 20. Bd6 Qxb5 21. Bxf8 Rxf8 22. a3 c4 23. Nf3 c3 24. Rb1 Qb3 25. Nd4 cxb2+ 26. Rxb2 Qd1+ 0-1

[Event "FRA-chT2D 0506"]
[Site "France"]
[Date "2006.01.14"]
[Round "5.4"]
[White "Lersy, Xavier"]
[Black "Wantiez, Fabrice"]
[Result "0-1"]
[WhiteElo "2027"]
[BlackElo "2255"]
[PlyCount "56"]
[EventDate "2005.10.27"]
[EventType "team-tourn"]
[EventRounds "11"]
[EventCountry "FRA"]
[SourceTitle "EXT 2006"]
[Source "ChessBase"]
[SourceDate "2005.11.24"]
[SourceVersion "1"]
[SourceVersionDate "2005.11.24"]
[SourceQuality "1"]
[WhiteTeam "Paris NAO II"]
[BlackTeam "Evry II"]
[WhiteTeamCountry "FRA"]
[BlackTeamCountry "FRA"]

1. d4 Nf6 2. Nf3 g6 3. Nc3 d5 4. Bf4 c6 5. e3 Qb6 6. Rb1 Bg7 7. Be2 0-0 8. 0-0 Bg4 9. Ne5 Bxe2 10. Qxe2 Nh5 11. Rfd1 Nxf4 12. exf4 e6 13. Qg4 Qc7 14. b4 Nd7 15. Rd3 Rfc8 16. Rh3 a5 17. bxa5 Rxa5 18. Qh4 Nf8 19. a4 b5 20. g4 bxa4 21. Re1 a3 22. f5 a2 23. Nxa2 f6 24. fxe6 g5 25. Qh5 fxe5 26. Nb4 Qe7 27. Nd3 e4 28. Nc5 Bxd4 0-1

[Event "Charleroi op 4th"]
[Site "Charleroi"]
[Date "2005.08.05"]
[Round "8"]
[White "Vanderose, Michel"]
[Black "Lersy, Xavier"]
[Result "1/2-1/2"]
[WhiteElo "1904"]
[BlackElo "2067"]
[PlyCount "36"]
[EventDate "2005.07.30"]
[EventType "swiss"]
[EventRounds "9"]
[EventCountry "BEL"]
[SourceTitle "EXT 2006"]
[Source "ChessBase"]
[SourceDate "2005.11.24"]
[SourceVersion "1"]
[SourceVersionDate "2005.11.24"]
[SourceQuality "1"]

1. c4 e5 2. Nc3 Nf6 3. Nf3 d6 4. e4 Bg4 5. d4 Nc6 6. d5 Nd4 7. Be3 c5 8. dxc6 Nxc6 9. Be2 Be7 10. Qd2 Bh5 11. h3 Bg6 12. Bd3 0-0 13. 0-0 Qd7 14. Rad1 b6 15. a3 Rac8 16. b3 Kh8 17. Bc2 Bh5 18. Qe2 Qb7 1/2-1/2

[Event "Charleroi op 4th"]
[Site "Charleroi"]
[Date "2005.08.04"]
[Round "7"]
[White "Lersy, Xavier"]
[Black "Hautot, Stephane"]
[Result "0-1"]
[WhiteElo "2067"]
[BlackElo "2334"]
[PlyCount "48"]
[EventDate "2005.07.30"]
[EventType "swiss"]
[EventRounds "9"]
[EventCountry "BEL"]
[SourceTitle "EXT 2006"]
[Source "ChessBase"]
[SourceDate "2005.11.24"]
[SourceVersion "1"]
[SourceVersionDate "2005.11.24"]
[SourceQuality "1"]

1. d4 d5 2. Nf3 Nf6 3. c4 c6 4. Nc3 dxc4 5. a4 Bf5 6. e3 e6 7. Bxc4 Bb4 8. 0-0 0-0 9. Qe2 Bg6 10. Ne5 Nbd7 11. Nxg6 hxg6 12. Rd1 Qa5 13. Bd2 Rad8 14. Be1 e5 15. d5 Nb6 16. dxc6 bxc6 17. Bb3 Rd7 18. Rxd7 Nfxd7 19. e4 Nc5 20. Bc2 Ne6 21. Qg4 Nd4 22. Bd1 Nc4 23. Rc1 Nxb2 24. Nd5 cxd5 0-1